Normal view
MARC view
Entry Topical Term
001 - CONTROL NUMBER
- control field: 2285
003 - CONTROL NUMBER IDENTIFIER
- control field: OSt
005 - DATE AND TIME OF LATEST TRANSACTION
- control field: 20190221170207.0
008 - FIXED-LENGTH DATA ELEMENTS
- fixed length control field: 190221|| aca||aabn | a|a d
040 ## - CATALOGING SOURCE
- Original cataloging agency: OSt
- Transcribing agency: OSt
150 ## - HEADING--TOPICAL TERM
- Topical term or geographic name entry element: Finance, Public - Auditing - India - Tamil Nadu
670 ## - SOURCE DATA FOUND
- Source citation: Work cat.: (OSt)507692: Government of Tamil Nadu 2253, Finance accounts, 1991-92, 1993
